000 00907nam a22003015i 4500
001 42588
003 ES-MaACL
005 20250809062548.0
007 t|
008 030407s1994 sp ||||0| spa j
020 _a84-206-2782-8
040 _aM-BN
_bspa
_cM-BN
080 _a321.01
080 _a340.12
080 _a316.343.652(460)"19"
100 1 _aDíaz, Elías.
_944117
245 1 4 _aLos viejos maestros: la reconstrucción de la razón /
_cElías Díaz.
260 _aMadrid :
_bAlianza Editorial,
_c[1994]
300 _a173 p., [8] p. de lám. ;
_c20 cm.
490 1 _aAlianza universidad ;
_v782
500 _aIndice.
650 4 _aPolítica-
_xFilosofía
_916274
650 4 _aDerecho-
_xFilosofía
_911620
650 4 _aIntelectuales-
_zEspaña-
_yS.XX.
_913853
830 0 _aAlianza universidad ;
_v782
_9177276
852 _aES-MaACL
_jL-26208
_bR.131579
999 _c42588
_d42588